00407nam a22001337a 450000500170000000800410001704100130005808200130007110000130008424500340009726000850013130000310021665000260024720240517141446.0240517b |||||||| |||| 00| 0 eng d aEnglish  a349 LAW  lEnglish  aThe Law Reports: Appeal Cases aLondon:bThe Incorporated Council of Law Reporting for England and Wales,c1937  bxxvi, 937 pages; c25 cm.  aLegal practice bLaw